Australian standard method of measurement of building works, authorised by agreement between the Australian Institute of Quantity Surveyors and the Master Builders Federation of Australia (Record no. 98234)

MARC details
000 -LEADER
fixed length control field 00660cam a2200205 4500
001 - CONTROL NUMBER
control field D15092
008 - FIXED-LENGTH DATA ELEMENTS--GENERAL INFORMATION
fixed length control field 090401t1973 xxu||||| |||| 00| 0 eng d
035 ## - SYSTEM CONTROL NUMBER
System control number (Sirsi) u94951
041 ## - LANGUAGE CODE
Language code of text/sound track or separate title eng
050 ## - LIBRARY OF CONGRESS CALL NUMBER
Classification number 692.30994
110 ## - MAIN ENTRY--CORPORATE NAME
Corporate name or jurisdiction name as entry element Royal Institution of Chartered Surveyors
9 (RLIN) 4900
245 ## - TITLE STATEMENT
Title Australian standard method of measurement of building works, authorised by agreement between the Australian Institute of Quantity Surveyors and the Master Builders Federation of Australia
250 ## - EDITION STATEMENT
Edition statement 3rd metric
260 ## - PUBLICATION, DISTRIBUTION, ETC.
Name of publisher, distributor, etc. AIQS/MBFA
Date of publication, distribution, etc. 1973
300 ## - PHYSICAL DESCRIPTION
Extent iv. 91p
350 ## - PRICE (NR) (BK AM CF MU VM SE) [OBSOLETE]
Price 0
520 ## - SUMMARY, ETC.
Summary, etc. Filed in SMM box 1973/44 A
942 ## - ADDED ENTRY ELEMENTS (KOHA)
Suppress in OPAC 0
948 ## - LOCAL PROCESSING INFORMATION (OCLC); SERIES PART DESIGNATOR (RLIN)
c (OCLC) 04/03/1997
Holdings
Withdrawn status Lost status Source of classification or shelving scheme Damaged status Not for loan Home library Current library Shelving location Date acquired Total Checkouts Full call number Barcode Date last seen Copy number Price effective from Koha item type
    Other/Generic Classification Scheme     London London Boxed set 04/09/2002   SMM 1973/44 94951-1001 06/08/2019 1 06/08/2019 Reference material